Ḥaṭʼot neʻurim. (Record no. 33994)

MARC details
000 -LEADER
fixed length control field 00742cam a22002411 4500
001 - CONTROL NUMBER
control field he 68003844
003 - CONTROL NUMBER IDENTIFIER
control field DLC
005 - DATE AND TIME OF LATEST TRANSACTION
control field 20260227111507.0
008 - FIXED-LENGTH DATA ELEMENTS--GENERAL INFORMATION
fixed length control field 840613r19661911is 000 0 heb
010 ## - LIBRARY OF CONGRESS CONTROL NUMBER
LC control number he 68003844
035 ## - SYSTEM CONTROL NUMBER
System control number (OCoLC)19162865
040 ## - CATALOGING SOURCE
Original cataloging agency DLC
Transcribing agency MH
Modifying agency CU
-- DLC
042 ## - AUTHENTICATION CODE
Authentication code premarc
050 00 - LIBRARY OF CONGRESS CALL NUMBER
Classification number DS135.R95
Item number L48 1966
100 1# - MAIN ENTRY--PERSONAL NAME
Personal name Lilienblum, Moses Löb,
Dates associated with a name 1843-1910.
245 10 - TITLE STATEMENT
Title Ḥaṭʼot neʻurim.
260 ## - PUBLICATION, DISTRIBUTION, ETC.
Place of publication, distribution, etc. [Tel Aviv] :
Name of publisher, distributor, etc. Universiṭat Tel Aviv, ha-Faḳulṭah le-madaʻe ha-ruaḥ, ha-Ḥug le-sifrut ʻIvrit,
Date of publication, distribution, etc. 727 [1966]
300 ## - PHYSICAL DESCRIPTION
Extent 206-410 p. ;
Dimensions 24 cm.
500 ## - GENERAL NOTE
General note Cover title.
500 ## - GENERAL NOTE
General note Photo-offset of Krakow, 1911 or 1912 ed.
752 ## - ADDED ENTRY--HIERARCHICAL PLACE NAME
Country or larger entity Poland
City Kraków
752 ## - ADDED ENTRY--HIERARCHICAL PLACE NAME
Country or larger entity Israel
City Tel Aviv

No items available.

Powered by Koha